Pyramidálny model indikátorov trvalo udržateľného rozvoja so zameraním na sociálno-ekonomický rozvoj dizertačná práca

Na minha lista:
Detalhes bibliográficos
Autor principal: Bučo, Peter
Autor Corporativo: Fakulta hospodárskej informatiky EU. Katedra operačného výskumu a ekonometrie
Outros Autores: Pardelová, Ružena
Formato: Livro
Idioma:eslovaco
Publicado em: Bratislava 2009
Assuntos:
Tags: Adicionar Tag
Sem tags, seja o primeiro a adicionar uma tag!

MARC

LEADER 00000nam$a2200000$$$4500
001 0104403
005 20230227091809.1
041 0 |a slo 
044 |a SK 
245 1 0 |a Pyramidálny model indikátorov trvalo udržateľného rozvoja so zameraním na sociálno-ekonomický rozvoj  |b dizertačná práca  |c Peter Bučo ; škol. Ružena Pardelová 
264 1 |a Bratislava  |c 2009 
300 |a 116 s. 
610 2 0 |a modely matematicko-štatistické 
610 2 0 |a modely ekonomicko-matematické 
610 2 0 |a rozvoj sociálno-ekonomický 
610 2 0 |a rozvoj trvalo udržateľný 
610 2 0 |a Európska únia 
610 2 0 |a produkt domáci hrubý 
100 1 |a Bučo, Peter 
700 1 |a Pardelová, Ružena 
710 2 |a Fakulta hospodárskej informatiky EU. Katedra operačného výskumu a ekonometrie